| 000 | 00431nam a2200169Ia 4500 | ||
|---|---|---|---|
| 005 | 20240507041331.0 | ||
| 008 | 240331s9999 xx 000 0 und d | ||
| 020 | _a | ||
| 082 |
_bEST _a331.8 |
||
| 100 | _aEsters, Guenther | ||
| 245 | 0 |
_aWorkers' co-determination in Germany _cGuenther Esters |
|
| 250 | _a2nd | ||
| 260 |
_a Germany _b Friedrich-Ebert-Stiftung _c1972 |
||
| 300 | _a81 p ., | ||
| 650 | _aEconomic | ||
| 942 | _cL | ||
| 999 |
_c2747 _d2747 |
||